| 000 | 01521cam a2200229 4500 | ||
|---|---|---|---|
| 001 | ##L131166 | ||
| 008 | 051005n2005 000 0 eng u | ||
| 020 | _a0110733290 | ||
| 035 | _a(Sirsi) u131166 | ||
| 041 | 0 | _aeng | |
| 245 | 0 | 0 | _aPublic Rights of Way (Register of Applications under section 53(5) of the Wildlife and Countryside Act 1981) (England) Regulations 2005 |
| 260 |
_aLondon _bTSO _c2005 |
||
| 490 |
_aSI _v2005: 2461 |
||
| 520 | _aThese Regulations, applying only to England, came into force on 27 September 2005. S53(5) of the Wildlife and Countryside Act 1981 enables any person to apply to a surveying authority for an order to modify the definitive map and statement concerning public rights of way. S53B(1) of the Act requires every surveying authority to keep a register of applications under s53(5) of the Act. The Regulations prescribe the information to be contained in the register and the manner in which the register is to be kept but do not apply to application under s53(5) determined by the surveying authority before the relevant date. | ||
| 590 | _aIKA111005 | ||
| 650 | 2 | 4 | _aWILDLIFE AND COUNTRYSIDE 1981S53B(1) |
| 650 | 2 | 4 | _aWILDLIFE AND COUNTRYSIDE 1981S53(5) |
| 650 | 2 | 4 | _aPUBLIC RIGHTS OF WAY (REGISTER OF APPLICATIONS UNDER S53(5) OF THE WILDLIFE AND COUNTRYSIDE ACT 1981) (ENGLAND) REGULATIONS 2005 |
| 690 |
_aBoundary disputes _96221 |
||
| 856 | 4 | 0 |
_uhttps://www.opsi.gov.uk/si/si2005/20052461.htm _zView the Regulations free of charge on www.opsi.gov.uk... |
| 942 | _n0 | ||
| 999 |
_c104656 _d104656 |
||